[Event "ch-CZE 2012"]
[Site "Kouty nad Desnou CZE"]
[Date "2012.05.15"]
[Round "4"]
[White "Simek,P2"]
[Black "Siebenburger,V"]
[Result "1-0"]
[WhiteElo "2327"]
[BlackElo "2111"]

1.d4 d5 2.Nf3 Nf6 3.c4 c6 4.Qc2 e6 5.g3 Nbd7 6.Bg2 Bd6 7.O-O O-O 8.Nc3 dxc4
9.e4 e5 10.Rd1 Qe7 11.Qe2 b5 12.h3 Re8 13.d5 Bb7 14.Nh4 g6 15.a4 a6 16.Bg5 b4
17.dxc6 Bxc6 18.Nd5 Bxd5 19.Rxd5 Nb6 20.Rdd1 a5 21.Qf3 Kg7 22.Bxf6+  1-0

[Event "e2e4 Amersham Open"]
[Site "Amersham ENG"]
[Date "2012.05.20"]
[Round "5"]
[White "Lim,Z"]
[Black "Maciol,R"]
[Result "1/2-1/2"]
[WhiteElo "2095"]
[BlackElo "2199"]

1.Nf3 d5 2.d4 Nf6 3.g3 c6 4.c4 Bf5 5.cxd5 cxd5 6.Qb3 Qb6 7.Qxb6 axb6 8.Nc3 e6
9.Nh4 Bc2 10.Bd2 Ne4 11.Rc1 Nxc3 12.Bxc3 Be4 13.f3 Bg6 14.Nxg6 hxg6 15.a3 Be7
16.e3 O-O 17.Kd2 Nc6 18.Bd3 Bd6 19.Bb5 Rfc8 20.Rc2 Na5 21.Bxa5 Rxc2+ 22.Kxc2 bxa5
23.Rc1 Rc8+ 24.Kd2 Rxc1 25.Kxc1 Kf8 26.Kc2 Ke7 27.Kb3 g5 28.Ka4 Bc7 29.Bd3 Kd6
30.Kb5 f6 31.Bf1 Bd8 32.Bh3  1/2-1/2

[Event "Salento Open 2012"]
[Site "Gallipoli ITA"]
[Date "2012.05.20"]
[Round "3"]
[White "Naumkin,I"]
[Black "Khenkin,I"]
[Result "0-1"]
[WhiteElo "2472"]
[BlackElo "2670"]

1.d4 d5 2.c4 dxc4 3.Nf3 c6 4.e3 b5 5.a4 e6 6.axb5 cxb5 7.b3 Bb4+ 8.Bd2 Bxd2+
9.Nbxd2 a5 10.bxc4 b4 11.Bd3 Nf6 12.Ne5 Bb7 13.O-O O-O 14.f4 Nbd7 15.Bc2 h6
16.Qe2 Qc7 17.g4 Nxe5 18.fxe5 Nh7 19.h4 Qe7 20.Qh2 Bc6 21.g5 h5 22.Ne4 Bxe4
23.Bxe4 Ra7 24.Qc2 Nxg5 25.hxg5 Qxg5+ 26.Bg2 a4 27.Rf3 b3 28.Qb2 Rb8 29.Ra3 Rb4
30.Qc3 Rab7 31.Rf1 b2 32.Rb1 Rb3 33.Rxb3 Rxb3 34.Qd2 a3 35.Kh2 Qxe3 36.Qa5 Qf4+
37.Kh1 Qc1+ 38.Kh2 Qxb1 39.Qa8+ Kh7 40.Be4+ Qxe4 41.Qxe4+ g6 42.Qf4 Rb7  0-1

[Event "Salento Open 2012"]
[Site "Gallipoli ITA"]
[Date "2012.05.20"]
[Round "3"]
[White "Quaranta,C"]
[Black "Midonet,Matthieu"]
[Result "1/2-1/2"]
[WhiteElo "2088"]
[BlackElo "2116"]

1.d4 d5 2.c4 c6 3.Nf3 Nf6 4.Qc2 Na6 5.cxd5 Nb4 6.Qb3 Nbxd5 7.Nc3 Qb6 8.Nxd5 Nxd5
9.Qxb6 axb6 10.Bd2 Bf5 11.Nh4 e6 12.Nxf5 exf5 13.e3 Nb4 14.Bxb4 Bxb4+ 15.Kd1 O-O
16.g3 Rfd8 17.Bg2 b5 18.Ke2 Bd6 19.a3 Ra4 20.Rhc1 Rda8 21.Rab1 Kf8 22.Kd2 g5
23.Bf3 Ke7 24.Bd1 R4a6 25.Bc2 Kf6 26.Bd3 Rb6 27.Ra1 h5 28.h4 gxh4 29.Rh1 hxg3
30.fxg3 Rh8  1/2-1/2

[Event "Salento Open 2012"]
[Site "Gallipoli ITA"]
[Date "2012.05.23"]
[Round "6"]
[White "Malakhatko,V"]
[Black "Collutiis,D"]
[Result "1-0"]
[WhiteElo "2526"]
[BlackElo "2513"]

1.d4 d5 2.c4 c6 3.Nf3 Nf6 4.Qb3 dxc4 5.Qxc4 Bg4 6.Nc3 Nbd7 7.e4 Bxf3 8.gxf3 e5
9.Be3 exd4 10.Bxd4 Bd6 11.O-O-O Qe7 12.Ne2 Ne5 13.Qc3 Ng6 14.Ng3 Bf4+ 15.Kb1 O-O
16.Nf5 Qc7 17.Bxf6 gxf6 18.Qxf6 Qe5 19.Qxe5 Nxe5 20.Be2 Rfd8 21.h4 Rxd1+
22.Rxd1 Kh8 23.Ng3 b5 24.Nh5 Bh6 25.f4 Ng6 26.f5 Nf4 27.Ng3 Bf8 28.Bf3 Bc5
29.f6 Ng6 30.Nf5 Ne5 31.Bh5 Bxf2 32.Rf1 Bc5 33.Nh6 Rf8 34.Rf5 Bd4 35.b4 Ng6
36.Rf1 Ne5 37.a3 c5 38.Rd1 Be3 39.Nf5 Bf4 40.bxc5 Nc4 41.Ka2 Be5 42.Nh6 Bxf6
43.Nxf7+ Kg8 44.Rd7 Rc8 45.Nh6+ Kh8 46.Bg4 Rxc5 47.Bf5  1-0

[Event "Salento Open 2012"]
[Site "Gallipoli ITA"]
[Date "2012.05.24"]
[Round "7"]
[White "Naumkin,I"]
[Black "Bentivegna,F"]
[Result "1-0"]
[WhiteElo "2472"]
[BlackElo "2276"]

1.d4 d5 2.Nf3 c6 3.c4 dxc4 4.e3 b5 5.a4 e6 6.b3 a5 7.bxc4 bxc4 8.Bxc4 Nf6
9.O-O Ba6 10.Nbd2 Be7 11.Ne5 O-O 12.Bb2 c5 13.Qe2 Bxc4 14.Ndxc4 Qc7 15.Qf3 Ra6
16.Rac1 Nbd7 17.Qg3 Nxe5 18.dxe5 Nd7 19.f4 f5 20.e4 fxe4 21.f5 exf5 22.Nd6 f4
23.Rxf4 Rxf4 24.Ne8 Rg6 25.Nxc7 Rxg3 26.hxg3 Rg4 27.Nd5 Kf7 28.Rf1+ Ke8 29.e6 Nf6
30.Bxf6 Bxf6 31.Rxf6 gxf6 32.Nxf6+ Ke7 33.Nxg4 Kxe6 34.Kf2 Kd5 35.Ke3 Kc4
36.Nf6 Kb3 37.Nxh7 c4 38.Ng5 c3 39.Ne6 Kxa4 40.Nd4 Ka3 41.g4 Kb2 42.g5 a4
43.g6 a3 44.g7  1-0

[Event "Asian Nations Chess Cup"]
[Site "Zaozhuang CHN"]
[Date "2012.05.24"]
[Round "7.3"]
[White "Chan Peng Kong"]
[Black "Chogdov,M"]
[Result "1/2-1/2"]
[WhiteElo "2252"]
[BlackElo "2245"]

1.d4 d5 2.c4 c6 3.Nf3 dxc4 4.e3 b5 5.a4 Bb7 6.axb5 cxb5 7.b3 cxb3 8.Bxb5+ Bc6
9.Qxb3 e6 10.Ne5 Bxb5 11.Qxb5+ Nd7 12.O-O Nf6 13.Nd2 Qb6 14.Qxb6 Nxb6 15.Ba3 Bxa3
16.Rxa3 O-O 17.Nc6 a5 18.Rb1 Nbd5 19.Rxa5 Rxa5 20.Nxa5 g6 21.Nc6 Nd7 22.Rb7 Rc8
23.Rxd7 Rxc6 24.g3 Nf6 25.Rd8+ Kg7 26.f3 Rc2 27.Nf1 Nd5 28.Ra8 Nc3 29.Ra1 Ne2+
30.Kh1 Nc3 31.Re1 Rf2 32.Rc1 Nd5 33.Kg1 Rxf3 34.Kg2 Rxe3 35.Nxe3 Nxe3+ 36.Kf3 Nd5
37.Ra1 h5 38.h4 Nf6 39.Kf4 Ng4 40.Ra5 Nf6 41.Ke5 Ng4+ 42.Kf4 Nf6 43.Ke5 Ng4+
44.Kf4 Nf6 45.Ra7 Ng4 46.Ra6 Nf6 47.Ra5 Kf8 48.Ke5 Kg7 49.Ra1 Ng4+ 50.Kf4 Nf6
51.Ra3 Nd5+ 52.Ke4 Nf6+ 53.Ke5 Ng4+ 54.Kd6 Nf6 55.Ke5 Ng4+ 56.Kf4 Nf6 57.Ke5  1/2-1/2

[Event "29th BSG Pinkster Open"]
[Site "Bussum NED"]
[Date "2012.05.25"]
[Round "1.9"]
[White "Vermeulen,Ba"]
[Black "Visser,HJ"]
[Result "1-0"]
[WhiteElo "1875"]
[BlackElo "2234"]

1.Nf3 d5 2.d4 Nf6 3.c4 c6 4.Nbd2 Bf5 5.Nh4 Bg6 6.Qb3 Qb6 7.Qh3 Qd8 8.Nxg6 fxg6
9.e3 Qd7 10.g3 g5 11.Qg2 e6 12.Bd3 Bb4 13.O-O O-O 14.a3 Bxd2 15.Bxd2 Na6
16.Rfd1 Rf7 17.Bc3 Raf8 18.Rf1 g4 19.h3 e5 20.dxe5 gxh3 21.Qh2 Ne4 22.f4 Nac5
23.Be2 Na4 24.cxd5 cxd5 25.Bd4 Nac5 26.Bxc5 Nxc5 27.Rad1 Qe6 28.Bf3 Ne4 29.Rd4 Qg6
30.Bxe4 dxe4 31.Qxh3 Rc7 32.Rd6 Qf7 33.Qe6 Qxe6 34.Rxe6 Rc2 35.Rd1 Kf7 36.Red6 Re2
37.f5 Rc8 38.Rd7+ Kf8 39.e6 Rxe3 40.Rf7+ Kg8 41.Kg2  1-0

[Event "50th ch-IND Challengers 2012"]
[Site "Tirupati IND"]
[Date "2012.05.25"]
[Round "10.3"]
[White "Bitan,B"]
[Black "Ghosh,D"]
[Result "1/2-1/2"]
[WhiteElo "2342"]
[BlackElo "2418"]

1.d4 d5 2.c4 c6 3.Nf3 dxc4 4.a4 Nf6 5.Nc3 Bf5 6.Ne5 Nbd7 7.Nxc4 Qc7 8.g3 e5
9.dxe5 Nxe5 10.Bf4 Nfd7 11.Bg2 f6 12.O-O g5 13.Nxe5 Nxe5 14.Bxe5 Qxe5 15.a5 a6
16.Qb3 Rb8 17.Ra4 Bc5 18.Ne4 Be7 19.Nc3 Bc5 20.Ne4 Be7 21.Nc3 Bc5  1/2-1/2

[Event "Albena Masters Open 2012"]
[Site "Albena BUL"]
[Date "2012.05.26"]
[Round "1.43"]
[White "Shalamberidze,A"]
[Black "Mammadova,Narmin"]
[Result "1-0"]
[WhiteElo "2333"]
[BlackElo "1903"]

1.d4 d5 2.c4 c6 3.Nf3 Nf6 4.Nbd2 e6 5.g3 Bd6 6.Bg2 Nbd7 7.O-O O-O 8.Qc2 Re8
9.e4 dxe4 10.Nxe4 Nxe4 11.Qxe4 f5 12.Qc2 Qf6 13.Bg5 Qf7 14.Qd2 h6 15.Bf4 Be7
16.Ne5 Nxe5 17.Bxe5 Bf6 18.Rfe1 Bd7 19.Qb4 Bxe5 20.Rxe5 f4 21.Rae1 Rf8 22.Qd2 f3
23.Bh3 Rae8 24.R1e3 h5 25.Qd3 b5 26.c5 a5 27.Qe4 a4 28.Bf1 g6 29.Rxf3 Qg7
30.h4 Rxf3 31.Qxf3 Rf8 32.Qe3 Rf6 33.a3 Qf7 34.Kg2 Qf8 35.Qe1 Kg7 36.Rg5 Be8
37.f4 Qe7 38.Kf3 Kh7 39.Qe5 Bd7 40.Qe4 Qf7 41.Rxh5+ Kg7 42.Rg5  1-0

[Event "Albena Masters Open 2012"]
[Site "Albena BUL"]
[Date "2012.05.26"]
[Round "1.17"]
[White "Baryshpolets,A"]
[Black "Iovcov,V"]
[Result "1/2-1/2"]
[WhiteElo "2487"]
[BlackElo "2171"]

1.d4 d5 2.c4 c6 3.Nf3 Nf6 4.Qc2 dxc4 5.Qxc4 Bf5 6.g3 e6 7.Bg2 Be7 8.O-O O-O
9.Nc3 Nbd7 10.Re1 Ne4 11.Qb3 Qb6 12.Nh4 Bxh4 13.gxh4 Ndf6 14.f3 Qxd4+ 15.e3 Qe5
16.Nxe4 Bxe4 17.fxe4 Ng4 18.h3 Qh2+ 19.Kf1 Ne5 20.Re2 f5 21.Qxe6+ Kh8 22.exf5 Rae8
23.Qxe8 Rxe8 24.Bd2 Rf8 25.e4 Kg8 26.Bc3 Rd8 27.Rf2 Kf7 28.Re1 c5 29.a4 b6
30.Re3 Rd1+ 31.Ke2 Rc1 32.Bxe5 Qxe5 33.Kf3 Rc4 34.b3 Rc3 35.Re2 a6 36.Rxc3 Qxc3+
37.Re3 Qf6 38.Bf1 Qxh4 39.e5 Qh5+ 40.Kf4 Ke7 41.e6 Qh4+ 42.Kf3 Qh5+ 43.Kf4 Qh4+
44.Kf3 Qf6 45.Bxa6 Qxf5+ 46.Ke2 Qc2+ 47.Ke1 Qc1+ 48.Ke2 Qc2+ 49.Ke1 Qc1+
50.Ke2 Qc2+ 51.Ke1 Qc1+ 52.Ke2  1/2-1/2

[Event "Vlado Andriusaicio Rapid A 2012"]
[Site "Vilnius LTU"]
[Date "2012.05.26"]
[Round "5"]
[White "Sakalauskas,V"]
[Black "Usakovas,J"]
[Result "1-0"]
[WhiteElo "2413"]
[BlackElo "2084"]

1.d4 d5 2.c4 c6 3.Nf3 Nf6 4.Qc2 g6 5.Bf4 Bf5 6.Qb3 Qb6 7.c5 Qxb3 8.axb3 Nbd7
9.Nc3 Bg7 10.h3 Ne4 11.b4 O-O 12.e3 a6 13.Be2 Rfe8 14.g4 Nxc3 15.bxc3 Be4
16.O-O Bxf3 17.Bxf3 e5 18.Bh2 Rad8 19.Rad1 e4 20.Be2 f5 21.c4 fxg4 22.cxd5 Nf6
23.dxc6 bxc6 24.Bxa6 gxh3 25.Bb7 Re6 26.b5 cxb5 27.d5 Re7 28.c6 b4 29.c7 Rxc7
30.Bxc7 Rd7 31.d6 Ne8 32.Bc6  1-0

[Event "Albena Masters Open 2012"]
[Site "Albena BUL"]
[Date "2012.05.27"]
[Round "2.29"]
[White "Grigoryan,K2"]
[Black "Steil Antoni,F"]
[Result "1/2-1/2"]
[WhiteElo "2517"]
[BlackElo "2142"]

1.d4 d5 2.c4 c6 3.Nf3 Nf6 4.Qb3 dxc4 5.Qxc4 Bf5 6.g3 e6 7.Bg2 Be7 8.O-O O-O
9.e3 Nbd7 10.Qe2 h6 11.Nc3 Ne4 12.Ne1 Ndf6 13.f3 Nxc3 14.bxc3 Bh7 15.e4 c5
16.Be3 Qa5 17.Nd3 Rfd8 18.Nxc5 Bxc5 19.dxc5 Qxc3 20.Rfc1 Qa5 21.Qb2 Rd7 22.Bxh6 gxh6
23.Qxf6 Rc8 24.Qxh6 Rxc5 25.Rd1 Rxd1+ 26.Rxd1 Rc2 27.h4 Rxa2 28.h5 Ra1 29.Rxa1 Qxa1+
30.Bf1 Qe5 31.Kg2 a5 32.g4 a4 33.Qc1 b5 34.Bd3 b4 35.Qc8+ Kg7 36.h6+ Kxh6
37.Qf8+ Kg6 38.Qxb4 Qa1 39.Qe7 Qe5 40.Qb4 Qa1 41.Qe7 Qe5 42.Qb4  1/2-1/2

[Event "Vlado Andriusaicio Rapid A 2012"]
[Site "Vilnius LTU"]
[Date "2012.05.27"]
[Round "8"]
[White "Sulskis,S"]
[Black "Laurusas,T"]
[Result "1/2-1/2"]
[WhiteElo "2586"]
[BlackElo "2410"]

1.Nf3 Nf6 2.c4 c6 3.d4 d5 4.Qc2 dxc4 5.Qxc4 Bf5 6.g3 e6 7.Bg2 Nbd7 8.O-O Be7
9.Bg5 O-O 10.Nbd2 Ne4 11.Bxe7 Qxe7 12.Rfd1 Nxd2 13.Rxd2 Be4 14.Ne1 Bxg2 15.Nxg2 Rfd8
16.Rad1 Nf6 17.f3 Rd7 18.Qc5 Qxc5 19.dxc5 Rad8 20.Rxd7 Rxd7 21.Rxd7 Nxd7
22.b4 a5  1/2-1/2

[Event "TCh-FRA Top 12 2012"]
[Site "Belfort FRA"]
[Date "2012.06.01"]
[Round "2.7"]
[White "Nezar,M"]
[Black "Vernay,C"]
[Result "1/2-1/2"]
[WhiteElo "2391"]
[BlackElo "2441"]

1.d4 d5 2.c4 c6 3.Nf3 Nf6 4.Qc2 dxc4 5.Qxc4 Bf5 6.g3 e6 7.Bg2 Be7 8.O-O O-O
9.Nc3 Nbd7 10.Re1 Ne4 11.Qb3 Qb6 12.Nh4 Bxh4 13.gxh4 Ndf6 14.f3 Nxc3 15.bxc3 Bg6
16.e4 Qc7 17.Be3 Nh5 18.a4 Qe7 19.Bg5 Qc7 20.Be3 Qe7 21.Bg5 Qc7 22.Be3  1/2-1/2

[Event "Asian Junior Open 2012"]
[Site "Tashkent UZB"]
[Date "2012.06.02"]
[Round "4.13"]
[White "Jumanov,E"]
[Black "Saydaliev,Saidakbar"]
[Result "1/2-1/2"]
[WhiteElo "1941"]
[BlackElo "1867"]

1.Nf3 Nf6 2.c4 c6 3.g3 d5 4.d4 Bg4 5.Bg2 e6 6.O-O Bd6 7.Bf4 Bxf4 8.gxf4 O-O
9.Nbd2 Nbd7 10.Ne5 Bh5 11.Ndf3 Re8 12.Rc1 Nf8 13.b4 Rc8 14.Qa4 a6 15.b5 axb5
16.cxb5 Ra8 17.Qb3 cxb5 18.Rc2 Ra5 19.Rfc1 Qa8 20.e3 Ne4 21.Nd2 Nd6 22.e4 dxe4
23.Nxe4 Nxe4 24.Bxe4 Qa7 25.d5 Qd4 26.dxe6 Nxe6 27.Rc8 Ra8 28.Rxe8+ Rxe8
29.Qe3 f6 30.Nd3 Qd6 31.Bxb7 Nd4 32.Rc8 Rxc8 33.Bxc8 Qd5 34.Bg4 Bf7  1/2-1/2

[Event "Albena Masters Open 2012"]
[Site "Albena BUL"]
[Date "2012.06.03"]
[Round "9.40"]
[White "Mitev,Miroslav"]
[Black "Sadikhov,U"]
[Result "0-1"]
[WhiteElo "1833"]
[BlackElo "2120"]

1.d4 Nf6 2.c4 c6 3.Nf3 d5 4.g3 Bf5 5.Bg2 e6 6.O-O Nbd7 7.cxd5 cxd5 8.Bg5 Be7
9.Nc3 h6 10.Bxf6 Bxf6 11.e3 O-O 12.Rc1 a6 13.Qd2 b5 14.b3 Be7 15.Ne2 Ba3
16.Ra1 Rc8 17.Ne1 Nf6 18.Nd3 Ne4 19.Bxe4 Bxe4 20.Nc3 Bxd3 21.Qxd3 Bb2 22.Rac1 Bxc1  0-1

[Event "Asian Junior Girls 2012"]
[Site "Tashkent UZB"]
[Date "2012.06.03"]
[Round "5.4"]
[White "Hoang Thi Nhu Y"]
[Black "Bharathi,R"]
[Result "1-0"]
[WhiteElo "2238"]
[BlackElo "2088"]

1.d4 d5 2.c4 c6 3.Nf3 Nf6 4.Qc2 dxc4 5.Qxc4 Bf5 6.e3 e6 7.Bd3 Bxd3 8.Qxd3 Nbd7
9.O-O Be7 10.Nc3 O-O 11.e4 c5 12.d5 exd5 13.e5 Ne8 14.Qxd5 Qc8 15.Ng5 Nc7
16.Qe4 Bxg5 17.Bxg5 Re8 18.f4 Ne6 19.Bh4 Nef8 20.Nb5 Qb8 21.Rad1 Re6 22.Bg3 Rg6
23.Nd6 Qd8 24.Nxb7 Qb6 25.Nd6 Rd8 26.Qc4 Re6 27.Nxf7 Kxf7 28.f5 Kg8 29.fxe6 Qxe6
30.Qxe6+ Nxe6 31.Rd6  1-0

[Event "TCh-FRA Top 12 2012"]
[Site "Belfort FRA"]
[Date "2012.06.05"]
[Round "6.7"]
[White "Marzolo,C"]
[Black "Pucher,S"]
[Result "1-0"]
[WhiteElo "2450"]
[BlackElo "2222"]

1.d4 d5 2.Nf3 Nf6 3.c4 c6 4.Nbd2 Bf5 5.Nh4 Bg6 6.Qb3 Qb6 7.Qh3 Na6 8.Nxg6 fxg6
9.c5 Qd8 10.a3 e5 11.dxe5 Nd7 12.b4 Nxe5 13.Bb2 Nd7 14.e4 Nc7 15.O-O-O Qg5
16.Kb1 O-O-O 17.g3 Kb8 18.Bg2 Nf6 19.Nf3 Qg4 20.Ne5 Qxh3 21.Bxh3 Re8 22.Nf7 Rg8
23.Nd6 Bxd6 24.cxd6 Nb5 25.f3 Nxd6 26.e5 Nfe4 27.fxe4 Nxe4 28.Rhf1 Ref8 29.Rxf8+ Rxf8
30.Bg2  1-0

[Event "Alushta Summer 1 2012"]
[Site "Alushta UKR"]
[Date "2012.06.06"]
[Round "6"]
[White "Shtyrenkov,V"]
[Black "Marusenko,P"]
[Result "1-0"]
[WhiteElo "2361"]
[BlackElo "2164"]

1.d4 d5 2.c4 c6 3.Nf3 Nf6 4.Qc2 g6 5.Bf4 Bg7 6.Nbd2 O-O 7.e3 a6 8.Be2 Nh5
9.Be5 f6 10.Bxb8 Rxb8 11.O-O e5 12.cxd5 cxd5 13.dxe5 fxe5 14.Rad1 Be6 15.Ne4 Qe7
16.Nfg5 Rfd8 17.Nxe6 Qxe6 18.Bxh5 gxh5 19.Qb3 Kh8 20.Nc3 e4 21.Nxd5 Rd6 22.Rd2 Rbd8
23.Rfd1 Be5 24.h3 Rg8 25.Kf1 Qg6 26.g3 Qf5  1-0

[Event "TCh-EGY 2011-12"]
[Site "Egypt EGY"]
[Date "2012.06.08"]
[Round "22.6"]
[White "Hesham,A"]
[Black "Sadek,S"]
[Result "1/2-1/2"]
[WhiteElo "2262"]
[BlackElo "2378"]

1.d4 d5 2.c4 c6 3.Nf3 Nf6 4.Qc2 dxc4 5.Qxc4 Bf5 6.g3 Nbd7 7.Bg2 e6 8.O-O Be7
9.Nc3 O-O 10.Re1 b5 11.Qb3 b4 12.Na4 Be4 13.Bf4 Qa5 14.Rac1 Bd5 15.Qc2 Be4
16.Qb3 Bd5 17.Qc2 Be4  1/2-1/2

[Event "26th Pula Open"]
[Site "Pula CRO"]
[Date "2012.06.09"]
[Round "1.30"]
[White "Szabo,Ben"]
[Black "Jukic,Ma"]
[Result "1-0"]
[WhiteElo "2333"]
[BlackElo "1946"]

1.d4 d5 2.c4 c6 3.Nf3 Nf6 4.Nbd2 e6 5.e3 Be7 6.Bd3 Nbd7 7.O-O Bd6 8.e4 dxe4
9.Nxe4 Nxe4 10.Bxe4 h6 11.Bc2 O-O 12.Qd3 f5 13.Re1 Nf6 14.b3 Qc7 15.Bb2 Re8
16.Rad1 Bd7 17.Ne5 Rad8 18.Qh3 Bc8 19.Rd3 Bxe5 20.Rxe5 Ng4 21.Re2 Qf7 22.Qg3 Nf6
23.Rd1 Nh5 24.Qf3 Nf6 25.Rde1 Bd7 26.a4 Kh8 27.Qc3 Qg6 28.Bc1 Rc8 29.Bf4 Qf7
30.Qa5 Nh5 31.Be5 c5 32.Qxa7 Bc6 33.dxc5 Qg6 34.f4 Qg4 35.Rf2 Nf6 36.Bxf6 gxf6
37.Bd1 Qh4 38.Qa5 Rcd8 39.Qc3 Be4 40.Bc2 e5 41.Bxe4 fxe4 42.Rxe4 Rd1+ 43.Re1 Rxe1+
44.Qxe1 e4 45.Qe3 f5 46.Qd4+ Kh7 47.Qd7+ Re7 48.Qxf5+ Kg7 49.Re2 Rf7 50.Qxe4 Qd8
51.Qd5 Qh4 52.Qe5+ Kh7 53.Qe4+ Kg7 54.Re3 Qd8 55.Rg3+ Kf8 56.h3 Qd2 57.Qe5 Qc1+
58.Kh2 Qxf4 59.Qxf4 Rxf4  1-0

[Event "5th Mayors Cup 2012"]
[Site "Mumbai IND"]
[Date "2012.06.13"]
[Round "9.4"]
[White "Kunte,A"]
[Black "Deepan,C"]
[Result "1/2-1/2"]
[WhiteElo "2538"]
[BlackElo "2461"]

1.d4 d5 2.c4 c6 3.Nf3 Nf6 4.Qb3 dxc4 5.Qxc4 Bf5 6.g3 e6 7.Bg2 Nbd7 8.O-O Be7
9.e3 O-O 10.Qe2 Rc8 11.Rd1 h6 12.Nc3 Ne4 13.Ne1 Nxc3 14.bxc3 Qc7 15.Nd3 Bh7
16.e4 c5 17.Bf4 Qa5 18.Rac1 Qa6 19.Be3 Nf6 20.f3 cxd4 21.cxd4 Ba3 22.Rxc8  1/2-1/2

[Event "3rd Forni di Sopra Open"]
[Site "Forni di Sopra ITA"]
[Date "2012.06.17"]
[Round "2"]
[White "Naumkin,I"]
[Black "Medancic,R"]
[Result "1-0"]
[WhiteElo "2472"]
[BlackElo "2249"]

1.d4 d5 2.c4 dxc4 3.Nf3 c6 4.e3 b5 5.a4 e6 6.axb5 cxb5 7.b3 Bb4+ 8.Bd2 Bxd2+
9.Nbxd2 a5 10.bxc4 b4 11.c5 Nf6 12.Bb5+ Bd7 13.Qa4 O-O 14.Nc4 Nd5 15.Bxd7 Nc3
16.Qb3 Qxd7 17.Nb6 Qb5 18.Qc4 Qxc4 19.Nxc4 Nc6 20.Kd2 f6 21.Nb6 Ra6 22.Na4 Nb5
23.Kd3 Rb8 24.Nd2 Nc7 25.Kc4 Kf7 26.Nb3 Nb5 27.Rhd1 Na3+ 28.Kd3 Rd8 29.Rac1 Ra7
30.Ke2 Nb5 31.Rd3 h5 32.Rcd1 Rad7 33.Ra1 Ra7 34.Nd2 Ne7 35.Nc4 Nd5 36.Kd2 Rb8
37.Rb3 Ra6 38.Nab6 Na3 39.Nxa3 Nxb6 40.cxb6 bxa3 41.Raxa3 Raxb6 42.Rxb6 Rxb6
43.Rxa5 Rb2+ 44.Ke1 g5 45.h4 g4 46.g3 Kg6 47.Kf1 Rd2 48.Ra6 Kf7 49.Ra7+ Kg6
50.Re7 Kf5 51.e4+ Kxe4 52.Rxe6+ Kf5 53.Rd6 Ra2 54.Rd5+ Kg6 55.Rc5 Ra4 56.Rd5 Ra2
57.Rc5 Ra4 58.d5 Ra2 59.Ke1 Ra1+ 60.Ke2 Ra2+ 61.Ke3 Ra3+ 62.Kd4 Ra2 63.Kd3 Ra4
64.Rc2 Kf7 65.Re2 Kf8 66.Kc3 Ra3+  1-0

[Event "16th Voronezh Master Open"]
[Site "Voronezh RUS"]
[Date "2012.06.19"]
[Round "7.34"]
[White "Shurakov,D"]
[Black "Charochkina,D"]
[Result "1-0"]
[WhiteElo "2257"]
[BlackElo "2371"]

1.Nf3 d5 2.d4 Nf6 3.c4 c6 4.Qc2 dxc4 5.Qxc4 Bg4 6.Ne5 Be6 7.Qd3 g6 8.Nc3 Bg7
9.g3 Nbd7 10.Nf3 b5 11.Bg2 b4 12.Ne4 Nxe4 13.Qxe4 Bd5 14.Qd3 f5 15.O-O O-O
16.Bf4 c5 17.Ng5 Bxg2 18.Qb3+ Kh8 19.Kxg2 cxd4 20.Nf7+ Rxf7 21.Qxf7 Nc5 22.Rac1 Rc8
23.Bg5 Rc7 24.Kg1 a5 25.Rc4 h6 26.Rfc1 Qd6 27.Qe8+ Kh7 28.Qb5 d3 29.Bf4 e5
30.Rxc5 Rxc5 31.Qxc5 Qxc5 32.Rxc5 exf4 33.exd3 fxg3 34.hxg3 Bxb2 35.Rxa5 Bc3
36.Ra7+ Kg8 37.Kf1 h5 38.Ke2 g5 39.Ra5 Kf7 40.Rxf5+ Kg6 41.Ra5  1-0

[Event "Baltija WGM Cup 2012"]
[Site "Palanga LTU"]
[Date "2012.06.21"]
[Round "8.2"]
[White "Vanagaite,G"]
[Black "Styazhkina,A"]
[Result "1/2-1/2"]
[WhiteElo "1972"]
[BlackElo "2107"]

1.d4 d5 2.Nf3 c6 3.c4 dxc4 4.e3 b5 5.a4 e6 6.axb5 cxb5 7.b3 Bb4+ 8.Bd2 Bxd2+
9.Qxd2 a5 10.bxc4 b4 11.Bd3 Nf6 12.O-O Nbd7 13.Qc2 Bb7 14.Nbd2 Qc7 15.Ne4 O-O
16.Nxf6+ Nxf6 17.Ne5 Rfb8 18.Rfb1 h6 19.Qa4 Rd8 20.f3 Ne8 21.Be4 Bxe4 22.fxe4 Nd6
23.Qc6 Qe7  1/2-1/2

[Event "16th Voronezh Master Open"]
[Site "Voronezh RUS"]
[Date "2012.06.21"]
[Round "9.38"]
[White "Papayan,O"]
[Black "Glukhov,A2"]
[Result "0-1"]
[WhiteElo "2294"]
[BlackElo "2109"]

1.d4 d5 2.c4 c6 3.Nf3 Nf6 4.Qb3 dxc4 5.Qxc4 Bf5 6.g3 Nbd7 7.Bg2 e6 8.O-O Be7
9.Nc3 O-O 10.Re1 Ne4 11.e3 Nxc3 12.bxc3 Be4 13.Qe2 Qa5 14.c4 Qa6 15.Bf1 c5
16.Nd2 Bg6 17.Bb2 Bf6 18.Bg2 Rac8 19.h4 h6 20.a4 cxd4 21.exd4 Rfd8 22.Qf3 Nc5
23.dxc5 Bxb2 24.Qxb7 Qxb7 25.Bxb7 Rc7 26.Ra2 Rxd2 27.c6 Bd3  0-1

[Event "Hotel El Aguila GM"]
[Site "Utebo ESP"]
[Date "2012.06.22"]
[Round "8.1"]
[White "Garza Marco,S"]
[Black "Del Rey,D"]
[Result "1/2-1/2"]
[WhiteElo "2410"]
[BlackElo "2390"]

1.d4 d5 2.c4 c6 3.Nf3 Nf6 4.Qb3 dxc4 5.Qxc4 Bf5 6.g3 e6 7.Nc3 Nbd7 8.Bg2 Be7
9.O-O O-O 10.e3 Rc8 11.Qe2 b5 12.b3 Ne4 13.Bb2 Nxc3 14.Bxc3 Be4 15.b4 a5
16.a3 axb4 17.axb4 Nb6 18.Ne5 Bxg2 19.Kxg2 Na4 20.Rfc1 Qd5+ 21.Qf3 f6 22.e4 Qd8
23.Ng4 h5 24.Ne3 Nxc3 25.Rxc3 Qxd4  1/2-1/2

[Event "Teplice Open 2012"]
[Site "Teplice CZE"]
[Date "2012.06.23"]
[Round "8.1"]
[White "Cernousek,L"]
[Black "Fier,A"]
[Result "1/2-1/2"]
[WhiteElo "2440"]
[BlackElo "2596"]

1.d4 d5 2.Nf3 c6 3.c4 dxc4 4.e3 Be6 5.Qc2 b5 6.a4 Nf6 7.axb5 cxb5 8.Nc3 Qb6
9.Ng5 Bd7 10.b3 b4 11.Na4 Qa5 12.Qxc4 e6 13.Be2 Qxg5 14.Bf3 Nc6 15.h4 Qf5
16.Bxc6 Rc8 17.Bxd7+ Kxd7 18.Nc5+ Bxc5 19.dxc5 Qxc5 20.Qxc5 Rxc5 21.Rxa7+ Rc7
22.Rxc7+ Kxc7 23.Bd2 Ra8 24.O-O Ra3 25.Rc1+ Kd7 26.Bxb4 Rxb3 27.Bc3 Ne8 28.e4 f6
29.f3 e5 30.h5 g6 31.hxg6 hxg6 32.Kf2  1/2-1/2

[Event "20th Montcada Open"]
[Site "Montcada i Reixac ESP"]
[Date "2012.06.25"]
[Round "1.5"]
[White "Hernandez Carmenates,Hold"]
[Black "Montanes Arribas,A"]
[Result "1-0"]
[WhiteElo "2570"]
[BlackElo "2210"]

1.d4 d5 2.c4 c6 3.Nf3 Nf6 4.Qc2 e6 5.g3 Bb4+ 6.Nc3 dxc4 7.Bg2 b5 8.O-O Bb7
9.Bg5 Be7 10.e4 h6 11.Bxf6 Bxf6 12.Rad1 O-O 13.e5 Be7 14.Ne1 Qb6 15.f4 Na6
16.f5 Nb4 17.Qe4 exf5 18.Qxf5 Bc8 19.Qh5 Be6 20.a3 Nd5 21.Nxd5 cxd5 22.Nc2 Rad8
23.Ne3 Bg5 24.Rfe1 g6 25.Qe2 h5 26.h4 Bh6 27.Bf3 Qc6 28.Ng2 Qd7 29.Nf4 Bxf4
30.gxf4 Qe7 31.Qf2 b4 32.axb4 Rb8 33.Re3 Rxb4 34.Rd2 Qd7 35.Qg2 Kh7 36.Kh1 Rfb8
37.f5 Bxf5 38.Bxd5 Rb3 39.Rxb3 Rxb3 40.Bxc4 Rh3+ 41.Kg1 Rxh4 42.Qd5 Kg7 43.Qxd7 Bxd7
44.b3 Re4 45.Kf2 g5 46.Kf3 Rf4+ 47.Ke3 Bf5 48.Bd5 Be6 49.Be4 Bf5 50.Bd5 Be6
51.Bc6 Bxb3 52.d5 f6 53.d6 Be6 54.d7 Bxd7 55.Rxd7+ Kf8 56.e6 Rf1 57.Kd2 Rf2+
58.Kd3  1-0

[Event "3rd Mediterranean Open"]
[Site "Terrasini ITA"]
[Date "2012.06.25"]
[Round "2"]
[White "Burlov,V"]
[Black "Bentivegna,F"]
[Result "1-0"]
[WhiteElo "2347"]
[BlackElo "2299"]

1.d4 d5 2.c4 dxc4 3.Nf3 c6 4.e4 b5 5.a4 e6 6.b3 Bb4+ 7.Bd2 Bxd2+ 8.Qxd2 a5
9.bxc4 b4 10.Qe3 Ne7 11.Nbd2 O-O 12.Nb3 Nd7 13.Be2 c5 14.dxc5 Bb7 15.Nfd4 e5
16.Nb5 f5 17.f3 fxe4 18.fxe4 Rf4 19.Nd6 Bc6 20.g3 Rf6 21.Rf1 Rxf1+ 22.Bxf1 Nf6
23.Bh3 Bd7 24.Bxd7 Qxd7 25.Ra2 Qe6 26.Qd3 Nc6 27.Rf2 Rd8 28.Rxf6 gxf6 29.Qd5 Qxd5
30.exd5 Nd4 31.Nxd4 exd4 32.Kd2 b3 33.c6 b2 34.Kc2 Rb8 35.Kb1 d3 36.c7 Re8
37.Kxb2  1-0

[Event "30th Greek Cup 2012"]
[Site "Achaea GRE"]
[Date "2012.06.29"]
[Round "2.2"]
[White "Skembris,S"]
[Black "Romanos,T"]
[Result "1/2-1/2"]
[WhiteElo "2460"]
[BlackElo "2072"]

1.d4 d5 2.c4 c6 3.Nf3 Nf6 4.Qc2 e6 5.g3 Nbd7 6.Bg2 Bd6 7.O-O O-O 8.Nbd2 Qe7
9.Rd1 b6 10.e4 Nxe4 11.Nxe4 dxe4 12.Qxe4 Bb7 13.Bf4 Rfd8 14.Bg5 Nf6 15.Bxf6 Qxf6
16.Ne5 Rac8 17.Rd3 Rc7 18.Qe2 Qe7 19.Rad1 Qe8 20.a3 Re7 21.c5 Bc7 22.Qc2 f6
23.cxb6 Bxb6 24.Bxc6 Rc7 25.Rc3 Qe7 26.Nf3 Bxc6 27.Rxc6 Rcd7 28.Re1 Rd6 29.Qe4 Rxc6
30.Qxc6 Kf7 31.Qe4 g6 32.h4 Rd5 33.Qxd5 exd5 34.Rxe7+ Kxe7 35.Kf1 Ke6 36.Ke2 Kf5
37.Ke3 h5 38.Ng1 Kg4 39.Ne2 g5 40.Nc3 gxh4 41.gxh4 Bd8 42.Nxd5 f5 43.b4 Bxh4
44.a4 Bd8 45.Ke2 h4 46.Ne3+ Kf4 47.Kf1 Ke4 48.Kg2 f4 49.Nf1 Kxd4 50.Kf3 Bc7
51.b5 Kc4 52.Nd2+ Kb4 53.Ne4 Be5 54.Nd2 Kxa4 55.b6 axb6 56.Nc4 Bd4 57.Nxb6+ Bxb6
58.Kxf4  1/2-1/2

[Event "7th Vladimir Dvorkovich Cup"]
[Site "Moscow RUS"]
[Date "2012.06.29"]
[Round "1.4"]
[White "Gaboyan,S"]
[Black "Leks,M"]
[Result "0-1"]
[WhiteElo "1898"]
[BlackElo "2097"]

1.d4 d5 2.c4 c6 3.Nf3 Nf6 4.Nbd2 Bf5 5.Nh4 Bg6 6.Qb3 Qb6 7.Qh3 Nbd7 8.Nxg6 fxg6
9.e3 O-O-O 10.c5 Qc7 11.Nf3 Ne4 12.Bd3 Qa5+ 13.Ke2 Kb8 14.a3 e5 15.b4 Qa4
16.Bxe4 dxe4 17.Ng5 Bxc5 18.Ne6 Bxb4 19.axb4 Qxa1 20.Nxd8 Qa2+ 21.Bd2 Qc4+
22.Ke1 Rxd8 23.Qxh7 Qd3 24.Rf1 exd4 25.exd4 Qxd4 26.Qh3 Ne5 27.Qc3 Qd5 28.Qc2 Nd3+
29.Ke2 Qh5+ 30.f3 Qxh2 31.Rf2 Qg1  0-1